000 nam a22 a 4500
999 _c4594
_d4594
005 20170601123150.0
008 170601s2009 my ||||| |||| 00| 0 may d
040 _aAKMAL
082 _a382.709595 KON
090 _a382.709595
_bKON
110 0 1 _aKastam Diraja Malaysia Selangor.
_98848
245 _aMemantapkan Penilaian dan Taksiran Kenderaan Terpakai Yang Diimport Di Pelabuhan Utara.(CEKS 2009)
260 _aSelangor:
_bKastam Diraja Malaysia Selangor,
_c2009
300 _a265 mukasurat
_bil. wrn.
_c30 cm
710 2 _aKastam Diraja Malaysia Selangor
_98848
942 _2ddc
_cBOOK
950 _lAKMAL.